000 00942cam a2200253 i 4500
999 _c58085
_d58085
001 20935750
005 20221107110239.0
008 190412s2020 caua b 001 0 eng
020 _a9781635501544x
041 _aeng
080 _a616.21 C-69
100 1 _aCole, Elizabeth Bingham
_912009
245 1 0 _aChildren with hearing loss :
_bdeveloping listening and talking, birth to six /
_cElizabeth B. Cole, Carol Flexer.
250 _aFourth edition.
264 1 _aSan Diego, CA :
_bPlural Publishing, Inc.,
_c2020.
300 _a411 pages :
_billustrations ;
_c26 cm.
653 _aსმენის დაკარგვა
653 _aДети с потерей слуха
653 _aენობრივი დარღვევები
653 _aЯзыковые расстройства
653 _aСлуховые аппараты
700 1 _aFlexer, Carol Ann
_eავტორი
_910960
942 _2udc
_cBK